00451nam a2200181Ia 4500008004000000020001500040041000800055082001500063100002500078245004600103260004600149300001300195650001500208650001400223650001100237650001300248650000800261210210b2010 xxu||||| |||| 00| 0 eng d a0195699645 aeng a174.4 ALBB aALBUQUERQUE (Daniel) aBusiness ethicsbPrinciples and practices aNew DelhibOxford University Pressc2010 axvii,597 aPrinciples apractices aethics aBusiness aand